| 000 | 00431nam a2200169 a 4500 | ||
|---|---|---|---|
| 001 | 2726 | ||
| 003 | CDMR | ||
| 005 | 20130404170602.0 | ||
| 008 | 130130s1970||||||||||||||||||||||||||||d | ||
| 040 |
_aCDMR _bcat _cCDMR |
||
| 100 | 1 |
_aDary, David _9484 |
|
| 245 | 1 | 0 |
_aManual de noticias radiofónicas _cDavid Dary |
| 260 |
_aMéxico _c1970 _bDiana |
||
| 300 |
_a190 p ; _c21 cm |
||
| 650 | 0 | 4 |
_91981 _aRadiodifusió _xNoticiaris |
| 942 | _cMON | ||
| 999 |
_c2726 _d2726 |
||